01075 am a2200241 a 450000500170000000800410001702000080005804100080006611000610007424502260013525000110036126000330037230000100040550002360041565300160065165300320066765300090069965300180070865300240072665300190075065300330076965300310080220240228121854.0100412s1999||||ag # f |||| 000 0 spa d as/n aspa1 aHospital de Niños de Buenos Aires "Ricardo Gutierrez". aGuía de diagnóstico y tratamiento. bVol.3 Asma. Bronquiolitis. Fibrosis Quística. Neumonia Aguda. Supuraciones Neuropulmonares. Tos Crónica en el niño /cHospital de Niños de Buenos Aires "Ricardo Gutierrez". a1a ed. aBuenos Aires: bAPHN;c1999. a91 p. aHospital de Niños de Buenos Aires "Ricardo Gutiérrez". (1999). Guía de diagnóstico y tratamiento. Vol.3 Asma. Bronquiolitis. Fibrosis quistica. Neumonía aguda. Supuraciones neuropulmonares. (1a ed.). Buenos Aires : APHN.  aPediatría aDiagnóstico y Tratamiento aAsma aBronquiolitis aFibrosis Quística aNeumonia Aguda aSupuraciones Neuropulmonares aTos crónica en el niño